[Event "CZE-ch U14"]
[Site "Kouty nad Desnou"]
[Date "2024.03.09"]
[Round "1"]
[White "Martirosyan, David"]
[Black "Kutil, Adam"]
[Result "1-0"]
[WhiteElo "1981"]
[BlackElo "1820"]
[PlyCount "67"]
[EventDate "2024.03.09"]
[EventType "swiss"]
[EventRounds "9"]
[EventCountry "CZE"]
[SourceTitle "CB12_2024"]
[SourceDate "2023.10.01"]
[SourceVersion "1"]
[SourceVersionDate "2023.10.01"]
[SourceQuality "1"]

1. d4 Nf6 2. c4 g6 3. Nc3 Bg7 4. Nf3 0-0 5. Bg5 d6 6. e3 Nbd7 7. Be2 e5 8. dxe5 dxe5 9. 0-0 h6 10. Bh4 g5 11. Bg3 Nh5 12. Bxe5 Nxe5 13. Nxe5 Bxe5 14. Bxh5 g4 15. Bxg4 Qh4 16. h3 Rd8 17. Qe2 f5 18. Bf3 Kh8 19. Rfd1 Rg8 20. Kf1 c6 21. Rac1 Be6 22. b3 Rae8 23. Na4 Bc8 24. Nc5 Bh2 25. Qd3 Qe7 26. Na4 Be5 27. Qe2 Qg5 28. Qc2 Rg7 29. Nc5 Bc7 30. Nd3 f4 31. e4 Bb6 32. Qc3 Rd8 33. Ne5 Re8 34. Nf7+ 1-0

[Event "Ceske Budejovice op-B"]
[Site "Ceske Budejovice"]
[Date "2022.07.08"]
[Round "8"]
[White "Sedivy, Karel"]
[Black "Kutil, Adam"]
[Result "1/2-1/2"]
[WhiteElo "1655"]
[BlackElo "1523"]
[PlyCount "81"]
[EventDate "2022.07.01"]
[EventType "swiss"]
[EventRounds "9"]
[EventCountry "CZE"]
[SourceTitle "EXT 2023"]
[Source "ChessBase"]
[SourceDate "2022.10.05"]
[SourceVersion "1"]
[SourceVersionDate "2022.10.05"]
[SourceQuality "1"]

1. d4 Nf6 2. Nf3 d5 3. g3 c6 4. Bg2 Bf5 5. Bf4 e6 6. Nbd2 Bd6 7. Bxd6 Qxd6 8. 0-0 Nbd7 9. c4 0-0 10. c5 Qe7 11. Re1 Ne4 12. Nh4 Ndf6 13. Nxf5 exf5 14. f3 Nxd2 15. Qxd2 Rae8 16. e3 Qc7 17. b4 Re7 18. a4 b6 19. Rac1 bxc5 20. Rxc5 Nd7 21. Rcc1 Nb6 22. Qc2 Nc4 23. e4 f4 24. e5 fxg3 25. hxg3 Qb6 26. Qc3 a5 27. bxa5 Nxa5 28. Rb1 Qa7 29. f4 f6 30. Kh2 Re6 31. f5 Re7 32. e6 g6 33. g4 gxf5 34. gxf5 Rg7 35. Rg1 Kh8 36. Bh3 Rfg8 37. Qc5 Qc7+ 38. Kh1 Rxg1+ 39. Rxg1 Rxg1+ 40. Kxg1 Qg3+ 41. Bg2 1/2-1/2

[Event "Ceske Budejovice op-B"]
[Site "Ceske Budejovice"]
[Date "2022.07.06"]
[Round "6"]
[White "Bittner, Rudolf Jr"]
[Black "Kutil, Adam"]
[Result "1-0"]
[WhiteElo "1967"]
[BlackElo "1523"]
[PlyCount "120"]
[EventDate "2022.07.01"]
[EventType "swiss"]
[EventRounds "9"]
[EventCountry "CZE"]
[SourceTitle "EXT 2023"]
[Source "ChessBase"]
[SourceDate "2022.10.05"]
[SourceVersion "1"]
[SourceVersionDate "2022.10.05"]
[SourceQuality "1"]

1. e4 c6 2. c4 d5 3. exd5 cxd5 4. cxd5 Qxd5 5. Nc3 Qa5 6. Bc4 Nf6 7. Nf3 e6 8. 0-0 Be7 9. d4 0-0 10. Bd2 Qc7 11. Bb3 b6 12. Rc1 Bb7 13. Nb5 Qd7 14. Nc7 Nc6 15. Nxa8 Bxa8 16. Bf4 Nd5 17. Bg3 Rd8 18. Qe2 Bf6 19. Rfd1 h6 20. Ne5 Bxe5 21. dxe5 Nce7 22. f3 Bc6 23. Bc4 b5 24. Bb3 Qb7 25. Bh4 Rd7 26. Bxe7 Nxe7 27. Rxd7 Qxd7 28. Rd1 Qb7 29. Qf2 Bd5 30. Bc2 Qc7 31. b3 Nc6 32. f4 Nb4 33. Bb1 g6 34. Qd2 Qc5+ 35. Kh1 Nc6 36. h3 Kg7 37. Kh2 Qe7 38. Qc3 b4 39. Qe3 a5 40. Be4 Bxe4 41. Qxe4 Qc5 42. Rd6 Ne7 43. Rd2 Nd5 44. Rc2 Nc3 45. Qd3 Qd5 46. Qxd5 exd5 47. Kg1 f6 48. exf6+ Kxf6 49. g4 h5 50. a3 Ke6 51. axb4 axb4 52. Kf2 d4 53. Rc1 Kd5 54. Kf3 h4 55. Ra1 Ne4 56. Ra5+ Nc5 57. Rxc5+ Kxc5 58. Ke4 d3 59. Kxd3 Kd5 60. Ke3 g5 1-0

[Event "Ceske Budejovice op-B"]
[Site "Ceske Budejovice"]
[Date "2022.07.05"]
[Round "5"]
[White "Kutil, Adam"]
[Black "Hajek, Jiri"]
[Result "0-1"]
[WhiteElo "1523"]
[BlackElo "1725"]
[PlyCount "80"]
[EventDate "2022.07.01"]
[EventType "swiss"]
[EventRounds "9"]
[EventCountry "CZE"]
[SourceTitle "EXT 2023"]
[Source "ChessBase"]
[SourceDate "2022.10.05"]
[SourceVersion "1"]
[SourceVersionDate "2022.10.05"]
[SourceQuality "1"]

1. e4 c5 2. Nf3 Nc6 3. d4 cxd4 4. Nxd4 e6 5. Nc3 Nf6 6. g3 Bb4 7. Bg2 d5 8. 0-0 Bxc3 9. bxc3 Nxe4 10. Nxc6 bxc6 11. Bxe4 dxe4 12. Qxd8+ Kxd8 13. Rd1+ Bd7 14. Rb1 Kc8 15. Bf4 Re8 16. Bd6 e5 17. Rb4 Bg4 18. Rdb1 Kd7 19. Bc5 Ke6 20. Rxe4 f5 21. Reb4 Bf3 22. Rb7 Red8 23. Rxg7 Rd5 24. g4 f4 25. Be7 Rd2 26. Rxh7 Rb8 27. Re1 Bxg4 28. Kg2 Rb2 29. Rg7 Bf5 30. Bc5 Kf6 31. Re7 e4 32. Rc7 Rbxc2 33. Rxc6+ Kg5 34. Kg1 e3 35. fxe3 Rg2+ 36. Kh1 Rxh2+ 37. Kg1 f3 38. e4 Rcg2+ 39. Kf1 Rh1+ 40. Bg1 Rhxg1# 0-1

[Event "CZE-chT U12"]
[Site "Jihlava"]
[Date "2022.06.12"]
[Round "8.1"]
[White "Topencik, Bruno"]
[Black "Kutil, Adam"]
[Result "1/2-1/2"]
[WhiteElo "1177"]
[BlackElo "1523"]
[PlyCount "35"]
[EventDate "2022.06.10"]
[EventType "team-swiss"]
[EventRounds "9"]
[EventCountry "CZE"]
[SourceTitle "CBM 209 Extra"]
[Source "ChessBase"]
[SourceDate "2022.09.30"]
[SourceVersion "1"]
[SourceVersionDate "2022.09.30"]
[SourceQuality "1"]
[WhiteTeam "Celakovice Spartak U12"]
[BlackTeam "Namest nad Oslavou U12"]
[WhiteTeamCountry "CZE"]
[BlackTeamCountry "CZE"]

1. d4 Nf6 2. c4 e5 3. dxe5 Ng4 4. Nf3 Bc5 5. e3 Nc6 6. Nc3 Ngxe5 7. b3 0-0 8. Be2 d6 9. 0-0 Bf5 10. Bb2 a6 11. Nd4 Bg6 12. Nxc6 Nxc6 13. Bd3 Bxd3 14. Qxd3 h6 15. Nd5 Qd7 16. Qc3 f5 17. a3 Rf7 18. b4 1/2-1/2

[Event "CZE-ch U12"]
[Site "Luhacovice"]
[Date "2022.03.18"]
[Round "8"]
[White "Popov, Roman4444"]
[Black "Kutil, Adam"]
[Result "1-0"]
[WhiteElo "2353"]
[BlackElo "1544"]
[PlyCount "92"]
[EventDate "2022.03.12"]
[EventType "swiss"]
[EventRounds "9"]
[EventCountry "CZE"]
[SourceTitle "EXT 2023"]
[Source "ChessBase"]
[SourceDate "2022.10.05"]
[SourceVersion "1"]
[SourceVersionDate "2022.10.05"]
[SourceQuality "1"]

1. d4 Nf6 2. c4 e5 3. dxe5 Ng4 4. Nf3 Bc5 5. e3 Nc6 6. a3 Ngxe5 7. Nc3 0-0 8. b4 Be7 9. Bb2 d6 10. Be2 Be6 11. Nd5 Bf6 12. Qc2 Nxf3+ 13. Bxf3 Bxb2 14. Qxb2 Ne5 15. Be2 c6 16. Nf4 Bxc4 17. Bxc4 Nxc4 18. Qd4 b5 19. h4 Qb6 20. Qc3 a5 21. 0-0 axb4 22. axb4 Rfe8 23. Nh5 f6 24. Ng3 Kf8 25. Nf5 Ra7 26. Rfd1 Rxa1 27. Qxa1 c5 28. Qc3 Re5 29. bxc5 dxc5 30. Qc2 g6 31. Ng3 Re6 32. Rd7 Re7 33. Rd5 Qc6 34. Qd3 Ne5 35. Rd8+ Re8 36. Rxe8+ Kxe8 37. Qb3 c4 38. Qc3 Kf7 39. Ne2 Nd3 40. Nd4 Qc5 41. Qa5 b4 42. Qd8 Qe7 43. Qd5+ Kg7 44. Qxc4 Ne5 45. Qd5 Kh6 46. Qe4 Qf8 1-0

[Event "CZE-ch U12"]
[Site "Luhacovice"]
[Date "2022.03.14"]
[Round "3"]
[White "Pasek, Josef"]
[Black "Kutil, Adam"]
[Result "1/2-1/2"]
[WhiteElo "1351"]
[BlackElo "1544"]
[PlyCount "64"]
[EventDate "2022.03.12"]
[EventType "swiss"]
[EventRounds "9"]
[EventCountry "CZE"]
[SourceTitle "EXT 2023"]
[Source "ChessBase"]
[SourceDate "2022.10.05"]
[SourceVersion "1"]
[SourceVersionDate "2022.10.05"]
[SourceQuality "1"]

1. d4 Nf6 2. Nf3 e6 3. g3 c5 4. Bg2 Be7 5. 0-0 0-0 6. c4 d5 7. Nc3 Nc6 8. cxd5 Nxd5 9. Nxd5 exd5 10. dxc5 Bxc5 11. Qc2 Be7 12. Rd1 Be6 13. a3 h6 14. e4 Qa5 15. exd5 Bxd5 16. Bd2 Qb6 17. Be3 Qb3 18. Qxb3 Bxb3 19. Rd7 Rab8 20. Bf4 Be6 21. Rxe7 Nxe7 22. Bxb8 Rxb8 23. Rc1 Bd5 24. Ne5 Bxg2 25. Kxg2 Rc8 26. Rd1 Nc6 27. Nxc6 Rxc6 28. Rd8+ Kh7 29. Rd7 Rb6 30. b4 Kg6 31. Kf3 Kf6 32. Rc7 Ke5 1/2-1/2